| Tag |
First Indicator |
Second Indicator |
Subfields |
| LEADER |
00000cam a2200000 4500 |
| 001 |
in00000062328 |
| 005 |
20151008051712.0 |
| 008 |
771012s1912 nyuak 00110 engm |
| 010 |
|
|
|a 12023480
|
| 035 |
|
|
|a (OCoLC)03336522
|
| 035 |
|
|
|9 AAG9497AM
|
| 040 |
|
|
|a DLC
|c BAL
|d BAL
|d TXA
|d UtOrBLW
|
| 049 |
|
|
|a TXAM
|c [9224]
|
| 050 |
0 |
0 |
|a JS342
|b .B87
|
| 092 |
|
|
|a 352.008
|b B88
|
| 100 |
1 |
|
|a Bruere, Henry Jaromir,
|d 1882-
|
| 245 |
1 |
4 |
|a The new city government :
|b a discussion of municipal administration, based on a survey of ten commission governed cities /
|c by Henry Bruere, director of the New York Bureau of municipal research; William Sheperdson, of the staff of the Bureau of municipal research, cooperating in the collection and tabulation of material respecting commission government.
|
| 264 |
|
1 |
|a New York,
|a London :
|b D. Appleton,
|c 1912.
|
| 300 |
|
|
|a xxii, 438 pages :
|b illustrations, folded diagrams, folded forms, folded tables ;
|c 20 cm.
|
| 336 |
|
|
|a text
|b txt
|2 rdacontent
|
| 337 |
|
|
|a unmediated
|b n
|2 rdamedia
|
| 338 |
|
|
|a volume
|b nc
|2 rdacarrier
|
| 500 |
|
|
|a Based on a survey made for the Metz Fund of the Bureau of municipal research in August and September, 1911. cf. introduction.
|
| 650 |
|
0 |
|a Municipal government by commission.
|
| 700 |
1 |
|
|a Sheperdson, William.
|
| 710 |
2 |
|
|a Bureau of Municipal Research (New York, N.Y.)
|
| 999 |
|
|
|a MARS
|
| 999 |
f |
f |
|s 28ce71da-92da-331c-9892-934c26723c73
|i 097095dc-9ed6-3846-b8e4-dce19fe641a6
|t 0
|
| 952 |
f |
f |
|p normal
|a Texas A&M University
|b College Station
|c Sterling C. Evans Library
|d Evans: Library Stacks
|t 0
|e JS342 .B87
|h Library of Congress classification
|i unmediated -- volume
|m A14800796307
|
| 998 |
f |
f |
|a JS342 .B87
|t 0
|l Evans: Library Stacks
|